Outreach for the unreached. (Record no. 11027)

000 -LEADER
fixed length control field 00616nam a2200193 a 4500
001 - CONTROL NUMBER
control field :::00008820$&:&@@
003 - CONTROL NUMBER IDENTIFIER
control field OkBaRHE
005 - DATE AND TIME OF LATEST TRANSACTION
control field 20000607103346.0
008 - FIXED-LENGTH DATA ELEMENTS--GENERAL INFORMATION
fixed length control field s1960 j 000 0 eng u
040 ## - CATALOGING SOURCE
Transcribing agency
100 1# - MAIN ENTRY--PERSONAL NAME
Personal name Washburn, A. V.
245 10 - TITLE STATEMENT
Title Outreach for the unreached.
260 ## - PUBLICATION, DISTRIBUTION, ETC. (IMPRINT)
Place of publication, distribution, etc Nashville, TN., :
Name of publisher, distributor, etc Convention Press
Date of publication, distribution, etc 1960
300 ## - PHYSICAL DESCRIPTION
Extent 150 p.
650 ## - SUBJECT ADDED ENTRY--TOPICAL TERM
Topical term or geographic name as entry element Evangelism
942 ## - ADDED ENTRY ELEMENTS (KOHA)
Source of classification or shelving scheme
Koha item type Books
Copies
Date acquired Barcode Source of classification or shelving scheme Full call number Copy number Koha item type Damaged status Not for loan Withdrawn status Lost status Date last seen Price effective from Shelving location Permanent Location
2010-04-148820 BV 3795 .W21Books    2010-04-142010-04-14General StacksRHEMA Bible Training College
2010-04-1416331 BV 3795 .W22Books    2010-04-142010-04-14General StacksRHEMA Bible Training College